000 01023nam a2200289 i 4500
001 48640
003 ES-MaACL
005 20250903063058.0
007 t|
008 950726e1838 sp |r 00110|spa
040 _aCAM
_bspa
_cES-MaACL
080 _a339.5(599)
100 1 _aDíaz Arenas, Rafael,
_d-1866
_eaut
_944176
245 1 0 _aMemoria sobre el comercio y navegación de las islas Filipinas /
_cpor Don Rafael Díaz Arenas
260 _aCádiz :
_b[s.n.],
_c1838
_f(Imp. de D. Domingo Féros)
300 _aII, 95, [5] páginas ;
_c20 cm
500 _aÍndice
530 _aDisponible en formato digital
651 4 _aFilipinas-
_xComercio exterior
_9164396
700 1 _aFéros, Domingo
_eprm
_9242185
752 _aEspaña -
_dCádiz
852 4 _aES-MaACL
_cDEPO
_dOlim:T-130-F
_jR-3092(3)
_x
856 4 _uhttps://babel.hathitrust.org/cgi/pt?id=hvd.hntzqe&seq=9
_yVersión en línea
_z(HathiTrust)
942 _cMONANT
_n0
999 _c48640
_d48640